Production Management (Record no. 4708)

MARC details
000 -LEADER
fixed length control field 00344nam a22001577a 4500
005 - DATE AND TIME OF LATEST TRANSACTION
control field 20260512121402.0
008 - FIXED-LENGTH DATA ELEMENTS--GENERAL INFORMATION
fixed length control field 160629b xxu||||| |||| 00| 0 eng d
041 ## - LANGUAGE CODE
Language code of text/sound track or separate title eng
082 ## - DEWEY DECIMAL CLASSIFICATION NUMBER
Classification number 658.5
100 ## - MAIN ENTRY--AUTHOR NAME
Personal name Verma, A.P.
245 ## - TITLE STATEMENT
Title Production Management
260 ## - PUBLICATION, DISTRIBUTION, ETC. (IMPRINT)
Name of publisher Katson Books
Year of publication 2012
300 ## - PHYSICAL DESCRIPTION
Number of Pages 332
650 ## - SUBJECT ADDED ENTRY--TOPICAL TERM
Topical Term Management
942 ## - ADDED ENTRY ELEMENTS (KOHA)
Koha item type Books
Holdings
Lost status Damaged status Collection code Home library Current library Shelving location Date acquired Cost, normal purchase price Full call number Accession Number Koha item type
    MANAGEMENT JRU Library JRU Library SHELF-76-L 29/06/2016 160.00 658.5 11079 Books
    MANAGEMENT JRU Library JRU Library SHELF- 67 B 29/06/2016 160.00 11079 11080 Books
    MANAGEMENT JRU Library JRU Library SHELF-76-K 29/06/2016 160.00 658.5 11081 Books
    MANAGEMENT JRU Library JRU Library SHELF- 67 B 29/06/2016 160.00 11079 11082 Books
    MANAGEMENT JRU Library JRU Library SHELF-76-L 29/06/2016 160.00 658.5 11083 Books
    MANAGEMENT JRU Library JRU Library SHELF-76-L 29/06/2016 160.00 658.5 11084 Books
    MANAGEMENT JRU Library JRU Library SHELF-76-K 29/06/2016 160.00 658.5 11085 Books
    MANAGEMENT JRU Library JRU Library SHELF-76-K 29/06/2016 160.00 658.5 11086 Books
    MANAGEMENT JRU Library JRU Library SHELF- 67 B 29/06/2016 160.00 11079 11087 Books
    MANAGEMENT JRU Library JRU Library SHELF- 67 B 29/06/2016 160.00 11079 11088 Books
    MANAGEMENT JRU Library JRU Library SHELF- 67 B 29/06/2016 160.00 11079 11089 Books
    MANAGEMENT JRU Library JRU Library SHELF-76-L 29/06/2016 160.00 658.5 11090 Books
      JRU Library   Shelf - 25- E 29/06/2016 160.00 11079 11091 Books
    MANAGEMENT JRU Library JRU Library SHELF- 67 B 29/06/2016 160.00 11079 11092 Books
    MANAGEMENT JRU Library JRU Library SHELF- 67 B 29/06/2016 160.00 11079 11093 Books
      JRU Library     29/06/2016 160.00 11079 11094 Books
      JRU Library   Shelf - 24- G 29/06/2016 160.00 11079 11095 Books
    MANAGEMENT JRU Library JRU Library SHELF-76-L 29/06/2016 160.00 658.5 11096 Books
    MANAGEMENT JRU Library JRU Library SHELF-76-L 29/06/2016 160.00 658.5 11097 Books